|
|
|
|
| LEADER |
00000cam a2200000 i 4500 |
| 001 |
1/18885 |
| 008 |
120423s1994 gr | ||| |||| ||gre|| |
| 020 |
|
|
|a 9600407746
|
| 035 |
|
|
|l 10112229
|
| 040 |
|
|
|a GR-MY-UA
|b gre
|e aacr
|
| 041 |
0 |
|
|a gre
|
| 082 |
0 |
|
|a 889.3
|2 (22)
|
| 100 |
1 |
|
|a Νικολαΐδης, Νίκος,
|d 1884-1956.
|
| 245 |
1 |
0 |
|a Πέρα απ' το Καλό και το Κακό :
|b ανιστορώ ιστορία /
|c Νίκου Νικολαϊδη του Κύπριου άπαντα
|
| 260 |
|
|
|a [Αθήνα] :
|b Κέδρος,
|c [1994]
|
| 300 |
|
|
|a 119 σ.;
|c 21 εκ.
|
| 650 |
0 |
0 |
|a Greek literature, Modern
|z Cyprus.
|
| 852 |
|
|
|a INST
|b RHODES
|e 20120423
|h 889.3 ΝΙΚ
|p 005400034276
|q 005400034276
|t BK
|y 0
|
| 901 |
|
|
|a BIBL4-2012-1
|
| 922 |
|
|
|a 4ΕΛΗ
|
| 970 |
|
|
|z 2012/04/23
|